[Event "Paris-ch Open B"]
[Site "?"]
[Date "2010.07.08"]
[Round "5.7"]
[White "Said, Remi"]
[Black "Plantive, Bernard"]
[Result "1/2-1/2"]
[WhiteElo "1783"]
[BlackElo "1856"]
[Annotator "Triger,Franck"]
[PlyCount "166"]
[EventDate "2010.07.03"]
[SourceDate "2010.07.03"]

1. Nf3 Nf6 2. c4 g6 3. d4 Bg7 4. g3 O-O 5. Bg2 d6 6. Nc3 Nbd7 7. e4 e5 8. O-O
c6 9. d5 Nc5 10. Re1 a5 11. Bg5 Qc7 12. Qc2 Kh8 13. Be3 Ncd7 14. h3 Nh5 15.
Rad1 f5 16. exf5 gxf5 17. Ng5 Ndf6 18. Ne6 Bxe6 19. dxe6 Ng8 20. Bf3 Nhf6 21.
Qxf5 Ne7 22. Qd3 Rad8 23. Na4 c5 24. Qb3 Qc8 25. Qb6 Qxe6 26. Nxc5 Qxh3 27. Bg2
Qc8 28. Nxb7 Nd7 29. Qxd6 Nf5 30. Qc6 Nd4 31. Bxd4 exd4 32. Nxd8 Qxd8 33. Qe6
Nf6 34. Qe7 Qb6 35. Qb7 Qc5 36. Re7 Qg5 37. Rxg7 Qxg7 38. Qxg7+ Kxg7 39. Rxd4
Re8 40. Rd2 Re5 41. Bd5 Kf8 42. a3 Ke7 43. b4 axb4 44. axb4 Kd8 45. f4 Re3 46.
Kh2 Kc7 47. c5 Nh5 48. Rg2 Nf6 49. Ba2 h5 50. Kh3 Kc6 51. Kh4 Ne4 52. Bf7 Kb5 (
52... Nxc5) 53. Bxh5 Kxb4 54. Re2 Nxg3 55. Rc2 Nf5+ 56. Kg5 Nd4 57. Rc1 Ne6+
58. Kf6 Nxf4 59. Bf7 Nd3 60. Rc4+ Kb5 61. c6 Rf3+ 62. Kg5 Rxf7 63. c7 Rxc7 64.
Rxc7 Nc5 65. Kf5 Na6 66. Rc1 Nc5 67. Rc2 Kb4 68. Ke5 Nd3+ 69. Kd4 Nf4 70. Rb2+
Ka3 71. Rb8 Ne2+ 72. Kd3 Nf4+ 73. Kc4 Ne2 74. Rf8 Ng1 75. Re8 Kb2 76. Re3 Kc2
77. Re1 Nf3 78. Re2+ Kd1 79. Re3 Ne1 80. Kc3 Ng2 81. Re4 Ne1 82. Re6 Nf3 83.
Kd3 Ne1+ 1/2-1/2

[Event "Paris-ch Open B"]
[Site "?"]
[Date "2010.07.08"]
[Round "5.8"]
[White "Baches, Frederic"]
[Black "Stojanovic, Vojislav"]
[Result "1/2-1/2"]
[WhiteElo "1854"]
[BlackElo "1770"]
[PlyCount "85"]
[EventDate "2010.07.03"]
[SourceDate "2010.07.03"]

1. e4 c5 2. Nc3 d6 3. g3 e5 4. Bg2 Nf6 5. d3 Be7 6. Nge2 Nc6 7. f4 Bg4 8. h3
Bxe2 9. Qxe2 Nd4 10. Qf2 Nh5 11. O-O exf4 12. Bxf4 Nxf4 13. Qxf4 O-O 14. Qd2
Rb8 15. Nd5 Bg5 16. Qd1 Ne6 17. h4 Bh6 18. Qe1 Nc7 19. Nc3 Qd7 20. Qf2 b5 21.
Qf5 Qe7 22. Ne2 Qe5 23. c3 Ne6 24. Rad1 a5 25. Kh2 g6 26. Qg4 Qg7 27. Bh3 Kh8
28. Rf3 Bc1 29. Rff1 h5 30. Qf3 Bh6 31. Rf2 b4 32. d4 c4 33. Nf4 Nxf4 34. gxf4
bxc3 35. bxc3 Qf6 36. Qg3 Rb2 37. Rdf1 Rfb8 38. Kh1 Rxf2 39. Qxf2 Qe7 40. e5
dxe5 41. fxe5 Kg8 42. Qg3 Kh7 43. Qf2 1/2-1/2

[Event "Paris-ch Open B"]
[Site "?"]
[Date "2010.07.08"]
[Round "5.9"]
[White "Duprey, Francois Xavier"]
[Black "Dimart, Denis"]
[Result "1/2-1/2"]
[WhiteElo "1766"]
[BlackElo "1836"]
[PlyCount "48"]
[EventDate "2010.07.03"]
[SourceDate "2010.07.03"]

1. c4 e5 2. Nc3 Nf6 3. Nf3 d6 4. d4 exd4 5. Nxd4 Be7 6. g3 O-O 7. Bg2 c6 8. O-O
Na6 9. b3 Qa5 10. Bb2 Qh5 11. e3 Bg4 12. Bf3 Nc7 13. Bxg4 Nxg4 14. Nf3 Qh3 15.
Ne2 Ne6 16. Nf4 Nxf4 17. exf4 Rfd8 18. Qe2 Re8 19. Rfe1 h6 20. Qf1 Qh5 21. h3
Nf6 22. Qg2 Rad8 23. Rad1 Qa5 24. a3 Qc5 1/2-1/2

[Event "Paris-ch Open B"]
[Site "?"]
[Date "2010.07.08"]
[Round "5.10"]
[White "Dorval, Olivier"]
[Black "Aboud, Tony"]
[Result "1-0"]
[WhiteElo "1835"]
[BlackElo "1734"]
[PlyCount "67"]
[EventDate "2010.07.03"]
[SourceDate "2010.07.03"]

1. f4 Nf6 2. Nf3 Nc6 3. e3 d5 4. Bb5 Bd7 5. b3 a6 6. Bxc6 Bxc6 7. Bb2 e6 8. Ne5
Bb5 9. a4 Bd7 10. O-O Bc5 11. Rf3 Qe7 12. d3 O-O-O 13. Nd2 Be8 14. g4 h6 15.
Rh3 Nh7 16. d4 Bd6 17. Ndf3 f6 18. Nd3 Bg6 19. Nh4 Bf7 20. Nf3 Qf8 21. c4 g5
22. c5 Be7 23. b4 gxf4 24. exf4 Qg7 25. Rg3 Kd7 26. b5 Rb8 27. Nb4 a5 28. Nd3
Rhc8 29. Qe1 b6 30. Ba3 Kd8 31. cxb6 cxb6 32. Bxe7+ Kd7 33. Ba3 Qg6 34. Nfe5+
1-0

[Event "Paris-ch Open B"]
[Site "?"]
[Date "2010.07.09"]
[Round "6.1"]
[White "Mohammad, Fahim"]
[Black "Insuasty, Luis"]
[Result "1-0"]
[WhiteElo "1808"]
[BlackElo "1860"]
[PlyCount "65"]
[EventDate "2010.07.03"]
[SourceDate "2010.07.03"]

1. d4 e6 2. c4 d5 3. Nc3 c6 4. e3 Nf6 5. Nf3 Be7 6. Bd3 dxc4 7. Bxc4 b5 8. Bd3
b4 9. Ne4 Nd5 10. Ne5 O-O 11. O-O f6 12. Nf3 a5 13. Qc2 Ba6 14. Bxa6 Rxa6 15.
Nc5 Bxc5 16. Qxc5 Nd7 17. Qc4 Qc8 18. e4 N7b6 19. Qd3 Ne7 20. Bf4 Rd8 21. Rac1
Ra7 22. Rc5 Na4 23. Rh5 g6 24. Rh3 g5 25. Be3 Ng6 26. Rg3 h5 27. e5 Kf7 28.
exf6 g4 29. Ne5+ Nxe5 30. Qh7+ Kxf6 31. Qxa7 Nc4 32. Qh7 Rd5 33. b3 1-0

[Event "Paris-ch Open B"]
[Site "?"]
[Date "2010.07.09"]
[Round "6.2"]
[White "Lam Roques, Kevin"]
[Black "Leclerc, Arnaud"]
[Result "1/2-1/2"]
[WhiteElo "1817"]
[BlackElo "1881"]
[PlyCount "83"]
[EventDate "2010.07.03"]
[SourceDate "2010.07.03"]

1. e4 e5 2. Nf3 f5 3. Nxe5 Qf6 4. d4 d6 5. Nc4 fxe4 6. Nc3 Qg6 7. Be3 Nf6 8.
Qd2 Be7 9. O-O-O a6 10. f3 b5 11. Na5 d5 12. fxe4 dxe4 13. h3 Bb4 14. Nb3 Nd5
15. g4 O-O 16. Bg2 Nxc3 17. bxc3 Ba3+ 18. Kb1 Nd7 19. Rde1 Nb6 20. Qe2 Bb7 21.
g5 Bd5 22. Qg4 Qc6 23. Bd2 Na4 24. Re3 Rae8 25. Rhe1 Rf2 26. R1e2 Rxe2 27. Qxe2
Rf8 28. Qe1 Re8 29. Na5 Qe6 30. c4 bxc4 31. Rxa3 Qb6+ 32. Bb4 c3 33. Rxa4 Qb5
34. Qxc3 Qxa4 35. Nb3 Rb8 36. Be7 Qd7 37. Ba3 a5 38. Qxa5 Ra8 39. Qc5 Rb8 40.
Bc1 Rf8 41. Be3 Bc6 42. Qc4+ 1/2-1/2

[Event "Paris-ch Open B"]
[Site "?"]
[Date "2010.07.09"]
[Round "6.3"]
[White "Jamain, Frederic"]
[Black "Dorval, Olivier"]
[Result "0-1"]
[WhiteElo "1799"]
[BlackElo "1835"]
[PlyCount "130"]
[EventDate "2010.07.03"]
[SourceDate "2010.07.03"]

1. e4 Nc6 2. d4 d5 3. e5 f6 4. f4 Nh6 5. Nf3 Bf5 6. Bd3 e6 7. c3 Be4 8. Bxe4
dxe4 9. Nfd2 f5 10. Qb3 Qd5 11. Qxb7 Nxd4 12. Qxd5 Nc2+ 13. Kd1 Ne3+ 14. Ke2
Nxd5 15. Nb3 c5 16. g3 Be7 17. Na3 O-O 18. Nc2 Rab8 19. Na5 Rfc8 20. Nc4 Rd8
21. Bd2 Nf7 22. Rab1 Rdc8 23. N4e3 Nd8 24. c4 Nxe3 25. Kxe3 Nc6 26. Bc3 Rd8 27.
Rhd1 Kf7 28. b3 g5 29. Be1 h6 30. Bf2 gxf4+ 31. gxf4 Rg8 32. Rd7 Rg2 33. Rc7
Rb6 34. Rh1 Ke8 35. Rc8+ Nd8 36. h3 Kd7 37. Ra8 Ra6 38. Rd1+ Kc7 39. a4 Rg8 40.
Na3 Kb7 41. Rd7+ Kxa8 42. Rxe7 Rb6 43. Nb5 Rb7 44. Nc7+ Kb8 45. Na6+ Kc8 46.
Rxb7 Nxb7 47. Ke2 Kd7 48. Nxc5+ Nxc5 49. Bxc5 Rg2+ 50. Bf2 Rh2 51. h4 Rh3 52.
Bxa7 Rxb3 53. a5 Kc6 54. c5 Rc3 55. Bb6 Rxc5 56. Bxc5 Kxc5 57. a6 Kb6 58. a7
Kxa7 59. Ke3 Kb6 60. Kd4 Kb5 61. Ke3 Kc4 62. h5 Kc3 63. Ke2 Kd4 64. Kd2 e3+ 65.
Ke2 Ke4 0-1

[Event "Paris-ch Open B"]
[Site "?"]
[Date "2010.07.09"]
[Round "6.4"]
[White "Stojanovic, Vojislav"]
[Black "Assedo, Johaquim"]
[Result "0-1"]
[WhiteElo "1770"]
[BlackElo "1883"]
[PlyCount "104"]
[EventDate "2010.07.03"]
[SourceDate "2010.07.03"]

1. e4 c5 2. c4 Nc6 3. Nf3 d6 4. Nc3 g6 5. d4 cxd4 6. Nxd4 Bg7 7. Be3 Nf6 8. Be2
O-O 9. O-O Bd7 10. Qd2 Ng4 11. Nxc6 bxc6 12. Bg5 Nf6 13. Rad1 Be6 14. Kh1 Qc7
15. f4 Rad8 16. f5 Bc8 17. Qf4 Rfe8 18. Rd2 Nd7 19. fxg6 fxg6 20. Qh4 Ne5 21.
g4 Nf7 22. Be3 Ne5 23. c5 Be6 24. Rfd1 Rf8 25. Qg3 Rd7 26. h3 Rfd8 27. Qg1 d5
28. exd5 cxd5 29. Nb5 Qb7 30. Nd4 Bf7 31. b3 Nc6 32. Bf3 Nxd4 33. Bxd4 e5 34.
Bf2 e4 35. Bg2 Bc3 36. Re2 Qa6 37. Rc2 Bf6 38. b4 Qa4 39. Rdc1 Qxb4 40. c6 Re7
41. Bc5 Qa5 42. Bxe7 Bxe7 43. Qd4 Qc7 44. Rb1 Qg3 45. Qf2 Qd6 46. Qxa7 Qe5 47.
c7 Rc8 48. Rb8 Be6 49. Qb7 Qa1+ 50. Qb1 Qe5 51. Rxc8+ Bxc8 52. Qb8 Qa1+ 0-1

[Event "Paris-ch Open B"]
[Site "?"]
[Date "2010.07.09"]
[Round "6.5"]
[White "Salgues, Michel"]
[Black "Yuen, Wing Yan"]
[Result "1-0"]
[WhiteElo "1727"]
[BlackElo "1870"]
[PlyCount "55"]
[EventDate "2010.07.03"]
[SourceDate "2010.07.03"]

1. e4 e5 2. f4 d5 3. exd5 exf4 4. Nf3 Qxd5 5. Nc3 Qd8 6. d4 Bd6 7. Bd3 Bg4 8.
O-O Nc6 9. Bb5 a6 10. Bxc6+ bxc6 11. Qe1+ Qe7 12. Ne5 Bxe5 13. dxe5 g5 14. b3
Qc5+ 15. Kh1 O-O-O 16. Bb2 Bf5 17. Na4 Qxc2 18. Rf2 Qd3 19. e6 f6 20. e7 Nxe7
21. Qxe7 Rhe8 22. Qb4 Re4 23. Qc3 Qd1+ 24. Rf1 Qg4 25. Qxc6 Rd2 26. Nb6+ Kd8
27. Bxf6+ Re7 28. Qa8+ 1-0

[Event "Paris-ch Open B"]
[Site "?"]
[Date "2010.07.09"]
[Round "6.6"]
[White "Plantive, Bertrand"]
[Black "Duprey, Francois Xavier"]
[Result "1-0"]
[WhiteElo "1856"]
[BlackElo "1766"]
[PlyCount "39"]
[EventDate "2010.07.03"]
[SourceDate "2010.07.03"]

1. e4 c5 2. Nf3 d6 3. d4 cxd4 4. Nxd4 Nf6 5. Nc3 g6 6. Be3 Bg7 7. f3 O-O 8. Qd2
Nc6 9. O-O-O d5 10. exd5 Nxd5 11. Nxc6 bxc6 12. Bd4 e5 13. Bc5 Re8 14. Ne4 Be6
15. h4 h5 16. g3 Nf6 17. Qxd8 Raxd8 18. Rxd8 Rxd8 19. Be7 Bh6+ 20. Ng5 1-0

[Event "Paris-ch Open B"]
[Site "?"]
[Date "2010.07.09"]
[Round "6.7"]
[White "Jacq, Philippe"]
[Black "Baches, Frederic"]
[Result "0-1"]
[WhiteElo "1749"]
[BlackElo "1854"]
[PlyCount "62"]
[EventDate "2010.07.03"]
[SourceDate "2010.07.03"]

1. d4 f5 2. c4 Nf6 3. Nc3 e6 4. Nf3 c6 5. e3 d5 6. cxd5 exd5 7. Bd3 Bd6 8. a3
Ne4 9. Qb3 Nd7 10. O-O Qc7 11. g3 Ndf6 12. Bd2 h5 13. Rac1 h4 14. Nb5 Qf7 15.
Nxd6+ Nxd6 16. Bb4 Nde4 17. Qd1 hxg3 18. hxg3 f4 19. Bxe4 dxe4 20. Ne5 Qg8 21.
Ng6 Rh6 22. Nxf4 Qh7 23. f3 Rh1+ 24. Kf2 Qh2+ 25. Ng2 Rxf1+ 26. Kxf1 Bh3 27.
Qc2 Qh1+ 28. Ke2 Qxg2+ 29. Kd1 Qxf3+ 30. Kd2 Qf2+ 31. Kc3 Qxe3+ 0-1

[Event "Paris-ch Open B"]
[Site "?"]
[Date "2010.07.09"]
[Round "6.8"]
[White "Bacani, Ricardo"]
[Black "David, Jean Luc"]
[Result "1-0"]
[WhiteElo "1843"]
[BlackElo "1709"]
[PlyCount "113"]
[EventDate "2010.07.03"]
[SourceDate "2010.07.03"]

1. e4 c5 2. Nf3 Nc6 3. d4 e6 4. Nc3 cxd4 5. Nxd4 Qa5 6. Nb3 Qe5 7. f4 Qf6 8.
Nb5 Rb8 9. Nc7+ Kd8 10. Nb5 e5 11. Qf3 a6 12. Nc3 Bb4 13. a3 Bxc3+ 14. bxc3 d6
15. f5 Qh4+ 16. g3 Qe7 17. Be3 b5 18. Rd1 Kc7 19. c4 h5 20. c5 dxc5 21. Bxc5
Qg5 22. Bd6+ Kb7 23. Bxb8 Kxb8 24. h4 Qg4 25. Qxg4 hxg4 26. c4 bxc4 27. Bxc4
Nh6 28. Kf2 Kc7 29. Rd2 Bb7 30. Bd5 Nd4 31. Bxb7 Kxb7 32. Nxd4 exd4 33. Rxd4
Re8 34. Rc1 Re5 35. Rb4+ Ka7 36. Rc7+ Ka8 37. Rd4 Kb8 38. Rcd7 Kc8 39. R7d5 Re7
40. a4 f6 41. a5 Nf7 42. Ke3 Ne5 43. Kf4 Kb7 44. Rb4+ Ka7 45. Rxe5 Rxe5 46. Ra4
Kb7 47. Kxg4 Kc6 48. Kf4 Kb5 49. Ra1 Kb4 50. h5 Rxa5 51. Rxa5 Kxa5 52. e5 fxe5+
53. Kxe5 Kb4 54. f6 gxf6+ 55. Kxf6 a5 56. h6 a4 57. h7 1-0

[Event "Paris-ch Open B"]
[Site "?"]
[Date "2010.07.10"]
[Round "6.9"]
[White "Ek, Alexandre"]
[Black "Gremont, Henri"]
[Result "1-0"]
[WhiteElo "1842"]
[BlackElo "1694"]
[PlyCount "95"]
[EventDate "2010.07.03"]
[SourceDate "2010.07.03"]

1. e4 c6 2. d4 d5 3. exd5 cxd5 4. c4 Nf6 5. Nc3 dxc4 6. Bxc4 e6 7. Nf3 Bb4 8.
O-O O-O 9. Bg5 Bxc3 10. bxc3 Qc7 11. Qd3 Nbd7 12. Bb3 b6 13. Bc2 Bb7 14. Rfe1
h6 15. Bxf6 Nxf6 16. Ne5 Rac8 17. Ng4 Ne4 18. Rxe4 Qxc3 19. Qxc3 Rxc3 20. Re2
Rfc8 21. Bb3 Rd3 22. h3 Rxd4 23. Ne5 Rc5 24. Nf3 Rf4 25. Re3 Rcf5 26. Rc1 g6
27. Rc7 Bxf3 28. Rxf3 Rxf3 29. gxf3 a5 30. Ra7 h5 31. Kg2 h4 32. Ra6 Rb5 33.
Ba4 Rb4 34. Bc6 e5 35. a4 f5 36. Bb5 e4 37. fxe4 fxe4 38. Rxb6 Kg7 39. Ra6 Rb2
40. Kg1 Rb1+ 41. Bf1 Ra1 42. Rxa5 Kf6 43. Ra8 g5 44. a5 g4 45. hxg4 h3 46. a6
h2+ 47. Kxh2 Rxf1 48. a7 1-0

[Event "Paris-ch Open B"]
[Site "?"]
[Date "2010.07.10"]
[Round "6.10"]
[White "Dimart, Denis"]
[Black "Morel, Jean Luc"]
[Result "1-0"]
[WhiteElo "1836"]
[BlackElo "1678"]
[Annotator "Triger,Franck"]
[PlyCount "29"]
[EventDate "2010.07.03"]
[SourceDate "2010.07.03"]

1. e4 e6 2. d4 d5 3. Nd2 Nf6 4. e5 Nfd7 5. Ngf3 c5 6. c3 Nc6 7. Nb3 Be7 8. Be2
f6 9. exf6 Nxf6 10. O-O c4 11. Nbd2 O-O 12. Re1 Bd6 13. Nf1 Ne4 14. Be3 e5 15.
dxe5 {Et il téléphona} 1-0